| 000 | 00849nam a2200253Ia 4500 | ||
|---|---|---|---|
| 003 | GCL | ||
| 008 | 140319s9999 xx 000 0 ara d | ||
| 040 |
_aGCL / _cGCL |
||
| 082 | 0 | 4 |
_a658 _bع س |
| 100 | 1 | _aعبدالسلام ابوقحف | |
| 245 | 1 | 0 |
_aسياسات الاعمال والممارسات الادارية فى المنظمات الصناعية والتجارية / _cعبدالسلام ابوقحف |
| 260 |
_aالقاهرة : _bمؤسسة شباب الجامعة ، _c1989 |
||
| 300 | _a746 ص | ||
| 490 | _a | ||
| 650 | 0 | 4 | _aادارة الاعمال |
| 650 | 0 | 4 | _aالتجارة |
| 650 | 0 | 4 | _aالادارة |
| 650 | 0 | 4 | _aالصناعة |
| 650 | 0 | 4 | _aبحوث العمليات |
| 650 | 0 | 4 | _aالتنمية الادارية |
| 650 | 0 | 4 | _aالمؤسسات |
| 650 | 0 | 4 | _aاتخاذ القرارات |
| 942 |
_2ddc _cBK |
||
| 999 |
_c51205 _d51205 |
||